000 00538nam a22001697a 4500
005 20251108175206.0
008 250721s1999 xx 000 0 ara d
082 1 4 _aق/عمر
100 1 _aعمران، طالب
245 1 0 _aمدينة خارج الزمن : رواية من الخيال العلمي /
264 1 _aدمشق :
_bمنشورات اتحاد الكتاب العرب،
_c1999.
300 _a98 ص.
650 1 7 _aالقصص العربية
650 1 7 _aالخيال العلمي
942 _2ddc
_cBK
999 _c128340
_d128340